States closest to Missouri - Statistics

General Stats
  • This quiz has been taken 15 times
  • The average score is 14 of 15
Answer Stats
Distance Answer % Correct
0 miles Arkansas
100%
0 miles Illinois
100%
434 miles Indiana
100%
0 miles Iowa
100%
0 miles Kansas
100%
0 miles Kentucky
100%
0 miles Tennessee
100%
492 miles Mississippi
91%
0 miles Nebraska
91%
0 miles Oklahoma
91%
412 miles Oklahoma
91%
529 miles Wisconsin
91%
622 miles Alabama
82%
658 miles Michigan
82%
564 miles Ohio
82%
No matching quizzes found
Score Distribution
Percent of People with Each Score
Percentile by Number Answered
Your Score History
You have not taken this quiz